| 000 | 00340nam a2200133Ia 4500 | ||
|---|---|---|---|
| 005 | 20251222144804.0 | ||
| 008 | 251222s9999||||xx |||||||||||||| ||spa|| | ||
| 020 | _a978-9972-835-16-2 | ||
| 082 | _a307.728.5/S79 | ||
| 100 | _aStein, William W. | ||
| 245 | 0 | _aPoder y Opresión en los Andes: | |
| 264 | _bFondo Editorial PUCP | ||
| 942 | _cLIB | ||
| 999 |
_c19826 _d19826 |
||